Altares de la ausencia.
Saved in:
| Hovedforfatter: | |
|---|---|
| Format: | Bog |
| Udgivet: |
[s.l.],
Cuerpo Negro,
2014.
|
| Fag: | |
| Tags: |
Tilføj Tag
Ingen Tags, Vær først til at tagge denne postø!
|
MARC
| LEADER | 00000nam a22000007a 4500 | ||
|---|---|---|---|
| 003 | CL-VaPUC | ||
| 005 | 20250321101932.0 | ||
| 008 | 250124t2014 ||||| |||| 00| 0 eng d | ||
| 999 | |c 446795 |d 446793 | ||
| 040 | |c Pontificia Universidad Católica de Valparaíso | ||
| 082 | |a 779.83 SAL 2014 | ||
| 100 | |9 498617 |a Salas, Gastón |e autor | ||
| 245 | |a Altares de la ausencia. | ||
| 260 | |a [s.l.], |b Cuerpo Negro, |c 2014. | ||
| 300 | |a sin numeración: |b fotografías. | ||
| 500 | |a c.1. Instituto Arcos.08-01-2025. | ||
| 583 | |c 20250124 |k Gabriela Rodríguez Cuevas | ||
| 650 | 0 | |9 268494 |a Fotografías |x Detenidos desaparecidos |z Chile | |
| 942 | |2 ddc |c BK |n 0 | ||
| 952 | |0 0 |1 0 |2 ddc |4 0 |6 779_830000000000000_SAL_2014 |7 0 |9 599876 |a BIBINC |b BIBINC |c GEN |d 2025-01-24 |e Instituto Arcos |i 5664720 |o 779.83 SAL 2014 |p 5664720 |r 2025-01-24 |t 1 |w 2025-01-24 |y BK |k IFP | ||